[Event "Cap d'Agde Avenir op"]
[Site "Cap d'Agde"]
[Date "2002.10.25"]
[Round "3"]
[White "Boissezon, Michel"]
[Black "Bada, Jaime"]
[Result "1-0"]
[WhiteElo "1780"]
[BlackElo "1560"]
[PlyCount "70"]
[EventDate "2002.10.23"]
[EventType "swiss"]
[EventRounds "9"]
[EventCountry "FRA"]
[SourceTitle "EXT 2005"]
[Source "ChessBase"]
[SourceDate "2004.11.15"]
[SourceVersion "1"]
[SourceVersionDate "2004.11.15"]
[SourceQuality "1"]

1. d4 Nf6 2. c4 c5 3. d5 d6 4. Nc3 e6 5. e4 exd5 6. exd5 Qe7+ 7. Qe2 a6 8. a4 Nbd7 9. Nf3 Qxe2+ 10. Bxe2 Be7 11. 0-0 0-0 12. Bg5 Re8 13. Rae1 b6 14. Bd3 g6 15. Re2 Bb7 16. Rfe1 Bf8 17. Ne4 Bg7 18. Nxd6 Rxe2 19. Rxe2 Rb8 20. Nxb7 Rxb7 21. Ne5 Nf8 22. Nc6 Nh5 23. b3 h6 24. Bc1 Kh7 25. Be4 Nf6 26. Bf3 Rd7 27. Bf4 g5 28. Bb8 Rb7 29. d6 Ne6 30. Bd5 Nd7 31. Bxe6 fxe6 32. Bc7 Kg8 33. Rxe6 Nf8 34. Re8 Kf7 35. Rb8 Rxb8 1-0